000 00328 a2200157 4500
001 44934
020 _a
040 _cAnchieta - Aquarius
240 1 0 _a#A lebre e a tartaruga
_lpor
245 1 0 _a#A lebre e a tartaruga
300 _a
362 0 _a0
440 1 _aTorĂ¡ kids
650 4 _aLiteratura infantil
942 _cBK
999 _c44934
_d44934